| 000 | 00726nam a2200217 a 4500 | ||
|---|---|---|---|
| 001 | 000002646 | ||
| 005 | 20200120221808.0 | ||
| 008 | 990225s1996 col0 gr0 0 000 d | ||
| 020 | _a958-30-0125-2 | ||
| 090 |
_aAT _bVAR 1996 |
||
| 100 | 0 | _aVargas Tejada, Luis | |
| 245 | 1 | 4 |
_aLas convulsiones / _cLuis Vargas Tejada. |
| 250 | _a4a. ed. | ||
| 260 |
_aSantafé de Bogotá : _bPanamericana, _c1996. |
||
| 300 | _a60p. | ||
| 500 | _aTeatro donde se presentó la realidad colombiana a través del humor y la gracia | ||
| 500 | _aEj. 1 y 2 de Ciudad Roma 6a. reimpresión 2001 | ||
| 500 | _aEj.1 de Mosquera donado por la Biblioteca Nacional - PNLB 2012. | ||
| 650 | 1 | 4 | _aDRAMATICA COLOMBIANA |
| 650 | 1 | 4 | _aLITERATURA COLOMBIANA |
| 999 |
_c286 _d286 |
||